| 000 | 00592nam a22001697a 4500 | ||
|---|---|---|---|
| 999 |
_c9433 _d9433 |
||
| 003 | AR-CdUCM | ||
| 008 | 190328b ||||| |||| 00| 0 spa d | ||
| 040 |
_aMUNICIPALIDAD PROVINCIAL DEL CUSCO _cBIBLIOTECA MUNICIPAL DEL CUSCO |
||
| 082 |
_a271.6985 / _bB23 / 1942 |
||
| 100 |
_aBarriga, Victor M. _925614 |
||
| 245 |
_aLos mercedarios en el Perú en el siglo XVI : _bDocumentos del archivo general de Indias de Sevilla 1518-1600 / |
||
| 260 |
_aArequipa : _bLa colmena, _c1942. |
||
| 300 |
_a411 páginas ; _c24 cm. |
||
| 650 |
_aLos mercedarios. _925615 |
||
| 942 |
_2ddc _cLIBROS |
||
| 945 | _awfj | ||